Prénoms légaux - Mort Subite - Statistiques

Statistiques générales
  • Ce quiz a été pris 80 fois
  • Le résultat moyen est 3 sur 12
Answers on the Grid
Answers color-coded by a green-red scale on the quiz's grid according to % correct below.
Rocky
Némésis
Lovely
Gims
Winner
Aunocléonia
Paradis
Superman
Prince
Anakin
Jules-César
Spartacus
Titeuf
Fraise
Nutella
Patriste
Mini-Cooper
Joyeux
Tribord
Jihad
Mbappé
Griezmann
Christ
Renault Megane
 
Statistiques - réponses
Réponse % Correct
Prince
57%
Rocky
29%
Némésis
27%
Paradis
27%
Jules-César
25%
Anakin
22%
Lovely
20%
Gims
12%
Spartacus
10%
Winner
10%
Aunocléonia
8%
Superman
4%
Aucun quiz correspondant
Distribution des résultats
% des personnes avec chaque résultat
Percentile par nombre de réponses
Votre historique - résultats
Vous n’avez pas pris ce quiz